000 00590nam a22001937a 4500
003 0
005 20251113112810.0
008 251113b xxu||||| |||| 00| 0 eng d
020 _a978-0-15-603030-4
050 _aPS 3561.E769F56
_b.K49 1994
100 _aKeyes, Daniel,
_eauthor.
245 _aFlowers for Algernon /
_cDaniel Keyes.
260 _aNew York, NY :
_bHoughton Mifflin Harcourt,
_c1994.
300 _a311 pages ;
_c21 cm.
650 _aPeople with mental disabilities
_xFiction.
650 _aBrain
_xSurgery
_vFiction.
650 _aGifted persons
_xFiction.
942 _2lcc
_cBK
999 _c368620
_d368620